| 000 | 00721nam a2200241 a 4500 | ||
|---|---|---|---|
| 001 | 17076 | ||
| 003 | BD-RjUL | ||
| 005 | 20211209000102.0 | ||
| 008 | 140216s1968 nyua b 001 0 eng | ||
| 035 | _a(BD-RjUL)17133 | ||
| 040 |
_aDLC _cDLC _dDLC _dBD-RjUL _beng |
||
| 041 | _aeng | ||
| 082 | 0 | 0 |
_a621.39 _bKIE 1968 _223 |
| 100 | 1 |
_aKintner, Paul Marvin, _d1919- _952673 |
|
| 245 | 1 | 0 |
_aElectronic digital techniques / _c Paul M. Kintner. |
| 260 |
_aNew York : _bMcGraw-Hill, _cc1968. |
||
| 300 |
_axi, 315 p. : _bill. ; _c23 cm. |
||
| 504 | _aIncludes bibliographies and index. | ||
| 650 | 0 |
_aElectronic digital computers _952674 |
|
| 650 | 0 |
_aDigital electronics _9161887 |
|
| 942 |
_2ddc _cBK |
||
| 999 |
_c17076 _d17076 |
||